[Event "Steyr Landesliga 1920"]
[Site "Austria"]
[Date "2019.12.07"]
[Round "6.5"]
[White "Verhoef, Jaap"]
[Black "Jezt, Gerhard"]
[Result "0-1"]
[WhiteElo "2019"]
[BlackElo "2013"]
[PlyCount "66"]
[EventDate "2019.09.28"]
[EventType "team-tourn"]
[EventRounds "11"]
[EventCountry "AUT"]
[SourceTitle "CBM 194 Extra"]
[Source "ChessBase"]
[SourceDate "2020.03.31"]
[SourceVersion "1"]
[SourceVersionDate "2020.03.31"]
[SourceQuality "1"]
[WhiteTeam "Gamlitz"]
[BlackTeam "Feldbach Kirchberg"]
[WhiteTeamCountry "AUT"]
[BlackTeamCountry "AUT"]

1. e4 c5 2. Nf3 Nc6 3. d4 cxd4 4. Nxd4 Nf6 5. Nc3 e5 6. Ndb5 d6 7. Bg5 a6 8. Bxf6 gxf6 9. Na3 b5 10. Nd5 f5 11. exf5 Bxf5 12. Qf3 Nd4 13. Nc7+ Qxc7 14. Qxa8+ Ke7 15. Qxa6 b4 16. Qc4 Qxc4 17. Nxc4 Nxc2+ 18. Kd1 Nxa1 19. Ne3 Be6 20. b3 Bh6 21. Bd3 Ra8 22. Bb1 d5 23. Re1 e4 24. f4 f5 25. g4 fxg4 26. Nxd5+ Bxd5 27. Bxe4 Bxe4 28. Rxe4+ Kf6 29. Rxb4 Rxa2 30. Rb6+ Kg7 31. f5 Rd2+ 32. Ke1 Nc2+ 33. Kf1 Be3 0-1

[Event "Steyr Landesliga 1819"]
[Site "Austria"]
[Date "2019.03.09"]
[Round "9.7"]
[White "Jezt, Gerhard"]
[Black "Gaal, Alexander"]
[Result "0-1"]
[WhiteElo "2022"]
[BlackElo "1912"]
[PlyCount "116"]
[EventDate "2018.10.06"]
[EventType "team-tourn"]
[EventRounds "11"]
[EventCountry "AUT"]
[SourceTitle "CBM 189 Extra"]
[Source "ChessBase"]
[SourceDate "2019.06.03"]
[SourceVersion "1"]
[SourceVersionDate "2019.06.03"]
[SourceQuality "1"]
[WhiteTeam "Feldbach Kirchberg"]
[BlackTeam "Pinggau Friedberg"]
[WhiteTeamCountry "AUT"]
[BlackTeamCountry "AUT"]

1. d4 Nf6 2. c4 e5 3. dxe5 Ng4 4. Nf3 Bc5 5. e3 Nc6 6. a3 a5 7. Nc3 Ngxe5 8. Ne4 Be7 9. Nxe5 Nxe5 10. f4 Ng6 11. Be2 d6 12. 0-0 f5 13. Ng3 0-0 14. Qc2 c6 15. Bd3 Nh4 16. e4 Qb6+ 17. Kh1 g6 18. Bd2 fxe4 19. Nxe4 d5 20. cxd5 cxd5 21. Nc3 Be6 22. Rae1 Bf6 23. Rxe6 Qxe6 24. Nxd5 Rac8 25. Qb3 Rf7 26. Re1 Qc6 27. Be4 Kg7 28. Nb6 Qd6 29. Bxa5 Re8 30. Nd5 Rxe4 31. Rxe4 Qa6 32. Qb6 Qf1+ 33. Qg1 Qb5 34. Nxf6 Qxa5 35. Ne8+ Kg8 36. Nd6 Rd7 37. Re8+ Kg7 38. Qd4+ Kh6 39. g3 Qa6 40. gxh4 Rxd6 41. Qe3 Rd1+ 42. Kg2 Qf1+ 43. Kg3 Rd3 44. b3 Qe1+ 45. Kf3 Qd1+ 46. Kg3 Qxb3 47. Kf2 Rxe3 48. Rxe3 Qb2+ 49. Kg3 Qd4 50. Rf3 Qg1+ 51. Kh3 Kh5 52. Rg3 Qf1+ 53. Rg2 Qxf4 54. Rg5+ Kh6 55. Rg3 Kg7 56. Rg4 Qf1+ 57. Rg2 Qf5+ 58. Kg3 Qd3+ 0-1

[Event "Steyr Landesliga 1718"]
[Site "Austria"]
[Date "2017.10.07"]
[Round "2.7"]
[White "Stallinger, Vanessa"]
[Black "Jezt, Gerhard"]
[Result "0-1"]
[WhiteElo "1830"]
[BlackElo "2046"]
[PlyCount "70"]
[EventDate "2017.09.30"]
[EventType "team-tourn"]
[EventRounds "11"]
[EventCountry "AUT"]
[SourceTitle "CBM 181 Extra"]
[Source "ChessBase"]
[SourceDate "2017.12.12"]
[SourceVersion "1"]
[SourceVersionDate "2017.12.12"]
[SourceQuality "1"]
[WhiteTeam "Leibnitz"]
[BlackTeam "Feldbach Kirchberg"]
[WhiteTeamCountry "AUT"]
[BlackTeamCountry "AUT"]

1. e4 c5 2. Nc3 Nc6 3. f4 g6 4. Nf3 Bg7 5. Bb5 Nd4 6. 0-0 a6 7. Bd3 d6 8. Nxd4 Bxd4+ 9. Kh1 b5 10. Ne2 Bg7 11. c3 Nf6 12. Bc2 Bb7 13. Ng3 h5 14. h4 e6 15. Qe1 Ng4 16. Ne2 d5 17. f5 dxe4 18. fxe6 f5 19. Nf4 Qf6 20. d3 exd3 21. Bxd3 0-0-0 22. c4 bxc4 23. Bxc4 Rd1 24. Qg3 Rhd8 25. Be3 Rxa1 26. Rxa1 Nxe3 27. Qxe3 Qxh4+ 28. Nh3 Qxc4 29. Rc1 Qd4 30. Rxc5+ Kb8 31. Qc1 Qd1+ 32. Qxd1 Rxd1+ 33. Kh2 Re1 34. Ng5 Bf6 35. Nh3 Be5+ 0-1

[Event "Steyr Landesliga 1516"]
[Site "Austria"]
[Date "2016.04.23"]
[Round "11.7"]
[White "Jezt, Gerhard"]
[Black "Eichinger, Walter"]
[Result "1-0"]
[WhiteElo "2047"]
[BlackElo "1713"]
[PlyCount "69"]
[EventDate "2015.09.26"]
[EventType "team-tourn"]
[EventRounds "11"]
[EventCountry "AUT"]
[SourceTitle "EXT 2017"]
[Source "ChessBase"]
[SourceDate "2016.10.25"]
[SourceVersion "1"]
[SourceVersionDate "2016.10.25"]
[SourceQuality "1"]
[WhiteTeam "Feldbach Kirchberg"]
[BlackTeam "Spg ISR"]
[WhiteTeamCountry "AUT"]
[BlackTeamCountry "AUT"]

1. d4 Nf6 2. c4 e6 3. Nc3 b6 4. e4 d6 5. Be3 Bb7 6. f3 Nbd7 7. Bd3 Be7 8. Nge2 c5 9. 0-0 0-0 10. Qd2 Ba6 11. b3 cxd4 12. Nxd4 Rc8 13. Ncb5 Bxb5 14. cxb5 Nc5 15. Nc6 Qd7 16. Be2 Qb7 17. b4 Ncxe4 18. fxe4 Nxe4 19. Qd3 d5 20. Rac1 Bd6 21. Bf4 Bxf4 22. Rxf4 Qd7 23. Rxe4 Qc7 24. Rh4 g6 25. Qh3 f5 26. Qe3 Qf7 27. Qe5 Qd7 28. Re1 Rce8 29. Bd3 Rf7 30. Rh3 Rg7 31. Bc2 Qf7 32. Nd4 Qd7 33. Bb3 Rge7 34. Nc6 Rg7 35. Bxd5 1-0